Biochemistry
This book consists of the following many parts such as: the molecular design of life, transducing and storing energy, synthesizing the molecules of life, responding to environmental changes.
Αποθηκεύτηκε σε:
| Κύριος συγγραφέας: | |
|---|---|
| Μορφή: | Βιβλίο |
| Γλώσσα: | Undetermined |
| Έκδοση: |
New York
W. H. Freeman
2001
|
| Θέματα: | |
| Ετικέτες: |
Προσθήκη ετικέτας
Δεν υπάρχουν, Καταχωρήστε ετικέτα πρώτοι!
|
| Thư viện lưu trữ: | Trung tâm Học liệu Trường Đại học Cần Thơ |
|---|
| LEADER | 00708nam a2200193Ia 4500 | ||
|---|---|---|---|
| 001 | CTU_141639 | ||
| 008 | 210402s9999 xx 000 0 und d | ||
| 082 | |a 572 | ||
| 082 | |b B493 | ||
| 100 | |a Berg, Jeremy M. | ||
| 245 | 0 | |a Biochemistry | |
| 245 | 0 | |c Jeremy M. Berg; Web content by Neil D. Clarke | |
| 260 | |a New York | ||
| 260 | |b W. H. Freeman | ||
| 260 | |c 2001 | ||
| 520 | |a This book consists of the following many parts such as: the molecular design of life, transducing and storing energy, synthesizing the molecules of life, responding to environmental changes. | ||
| 650 | |a Biochemistry,Hóa sinh học | ||
| 904 | |i Bạch Trúc | ||
| 980 | |a Trung tâm Học liệu Trường Đại học Cần Thơ | ||